00530nam a2200181Ia 450000500170000000800410001702000180005804100120007608200160008810000230010424500860012725000130021326000330022630000220025965000150028165000280029670000240032420260429112137.0260429s9999||||xx |||||||||||||| ||und|| a9781394213221 aEnglish a616.89bOLT aOltmanns, Thomas F 0aCase studies in psychological disorders and their treatment / cThomas F Oltmanns a12th ed. aNew Jersey : bWiley,c2025. aviii, 276 p.; pbk a Treatment aPsychological disorders a Tuer, Michele Dawn